00402nam a2200109Ia 4500008004100000020002200041100002500063245011900088260004200207300002700249650001600276200922s9999 xx 000 0 und d a978-621-409-107-2 aDe Viana, Augusto V. cAugusto V. De Viana, Ma. Venice M. PicadizoaPahiwatig:ba guide for understanding readings in Philippine history/ aManila:bBooks Atbp. Publishingc2018 axii, 359 pagesc25 cm. aPhilippines